01977nam a22004217a 4500003000400000005001700004008004100021040002200062082001900084100002800103245006100131260003700192300001900229490002300248505004200271505004100313505003800354505005300392505008600445505014400531505013700675505003800812505003000850505005000880505002800930505003700958505007200995650004101067650004701108650004501155650004401200650004701244650004501291651004501336942003001381999001501411952012901426OSt20230816095718.0220929b |||||||| |||| 00| 0 eng d cBiblioteca Lado V a704.943bR669f 9223aRoca, Joseeeditor aFlorae una revista de FLORA ars+natura/b#1-FLORESTANIA/ bFLORA ars+naturac2017aColombia a164p.c17x22cm v2017a3x2462-9324 aLos Viajeros TorpesrNatalia Ginzburg aEstado de la naturalezatPedro Motta aLa mujer tortugarAna Maria Devis aDe dónde viene el paisaje?rJosé Luis Landet aDe ida y de vuelta: Artistas Viajeros en el Arte ColombianotCatalina Ruiz Díaz aSegunda Naturaleza: Gráficas y Abstracciones de lugartSegunda Naturaleza: Gráficas y Abstracciones de lugar El Periplo de una Imagen  aAmazonia ReporttAmazonia Report, 1976 Golpes en la cáscara/Golpes en la piel Entrevista a Jonier Marín Amazonia Report, 2016 aPsico-Geografias y Transhistorias aAnti-Aislamiento Creativo aVine, Vi y me vendírMaría Natalia Leubro aLo bonito es estar vivo aLas JoyitasgLuz Angela Lizarazo aMonumentos PrivadostMonumentos Privados Ladrón Roba a Ladrón  2Tesauro de Arte & ArquitecturaaARTE 2Tesauro de Arte & ArquitecturaaNATURALEZA 2Tesauro de Arte & ArquitecturaaANALISIS 2Tesauro de Arte & ArquitecturaaCRITICA 2Tesauro de Arte & ArquitecturaaLITERATURA 2Tesauro de Arte & ArquitecturaaECOLOGIA 2Tesauro de Arte & ArquitecturaaCOLOMBIA 2ddcc1h704.943iR669fn0 c4124d4124 00102ddc3201740708RevistasaLVbLVd2023-08-16h3i004509l0o704.943 R669fp004509r2023-08-16 00:00:00w2023-08-16y1